<?xml version="1.0" encoding="UTF-8"?>
<record
    xmlns:xsi="http://www.w3.org/2001/XMLSchema-instance"
    xsi:schemaLocation="http://www.loc.gov/MARC21/slim http://www.loc.gov/standards/marcxml/schema/MARC21slim.xsd"
    xmlns="http://www.loc.gov/MARC21/slim">

  <leader>01242nam a2200277 a 4500</leader>
  <controlfield tag="001">000016670</controlfield>
  <controlfield tag="003">DO-SdBNP</controlfield>
  <controlfield tag="005">20240710114449.0</controlfield>
  <controlfield tag="007">ta</controlfield>
  <controlfield tag="008">100309s2004    dr      r     000 jdspa d</controlfield>
  <datafield tag="020" ind1=" " ind2=" ">
    <subfield code="a">9993479160</subfield>
  </datafield>
  <datafield tag="040" ind1=" " ind2=" ">
    <subfield code="a">DO-SdBNP</subfield>
    <subfield code="b">spa</subfield>
    <subfield code="c">BNPHU</subfield>
  </datafield>
  <datafield tag="041" ind1=" " ind2=" ">
    <subfield code="h">spa</subfield>
  </datafield>
  <datafield tag="082" ind1=" " ind2="4">
    <subfield code="a">RD863.44</subfield>
    <subfield code="b">M516e</subfield>
    <subfield code="2">22</subfield>
  </datafield>
  <datafield tag="100" ind1=" " ind2=" ">
    <subfield code="a">Mej&#xED;a, Amable,</subfield>
    <subfield code="9">6577</subfield>
    <subfield code="d">1959-</subfield>
  </datafield>
  <datafield tag="245" ind1="1" ind2="0">
    <subfield code="a">Entre familia /</subfield>
    <subfield code="c">Amable Mej&#xED;a ; editor : Gerardo Castillo Javier.</subfield>
  </datafield>
  <datafield tag="260" ind1=" " ind2=" ">
    <subfield code="a">Santo Domingo :</subfield>
    <subfield code="b">Perla,</subfield>
    <subfield code="c">2004.</subfield>
  </datafield>
  <datafield tag="300" ind1=" " ind2=" ">
    <subfield code="a">77 p. ;</subfield>
    <subfield code="c">21 cm.</subfield>
  </datafield>
  <datafield tag="505" ind1="0" ind2="0">
    <subfield code="t">Palabras justificatoria.--</subfield>
    <subfield code="t">Una visita desde la sombra.--</subfield>
    <subfield code="t">Para cuando regreses.--</subfield>
    <subfield code="t">Armadas blancas.--</subfield>
    <subfield code="t">El pozo.--</subfield>
    <subfield code="t">A veces me miran y se sonr&#xED;en.--</subfield>
    <subfield code="t">Hoja suelta de una memoria ins&#xF3;lita.--</subfield>
    <subfield code="t">Personaje de novela.--</subfield>
    <subfield code="t">El hombre de al cruzar la calle principal.--</subfield>
    <subfield code="t">Comprensiva mam&#xE1;.--</subfield>
    <subfield code="t">La v&#xED;a blanca.--</subfield>
    <subfield code="t">Cotidianidad.--</subfield>
    <subfield code="t">Fragmento de una historia de amor.--</subfield>
    <subfield code="t">Detalles.--</subfield>
    <subfield code="t">El cuarto oscuro.--</subfield>
    <subfield code="t">Navidad de 1989.--</subfield>
    <subfield code="t">Nueva York.--</subfield>
    <subfield code="t">Entre familia.</subfield>
  </datafield>
  <datafield tag="590" ind1=" " ind2=" ">
    <subfield code="a">Inventariado, 2020/BT</subfield>
  </datafield>
  <datafield tag="650" ind1=" " ind2="0">
    <subfield code="a">Cuentos dominicanos</subfield>
    <subfield code="9">176</subfield>
  </datafield>
  <datafield tag="650" ind1=" " ind2="0">
    <subfield code="a">Literatura dominicana.</subfield>
    <subfield code="9">67</subfield>
  </datafield>
  <datafield tag="700" ind1="1" ind2=" ">
    <subfield code="a">Castillo Javier, Gerardo,</subfield>
    <subfield code="d">1963-</subfield>
    <subfield code="e">ed.</subfield>
    <subfield code="9">1677</subfield>
  </datafield>
  <datafield tag="910" ind1=" " ind2=" ">
    <subfield code="a">Validado. Control de calidad. MMOLINA</subfield>
  </datafield>
  <datafield tag="942" ind1=" " ind2=" ">
    <subfield code="2">ddc</subfield>
    <subfield code="c">LBS1</subfield>
  </datafield>
  <datafield tag="952" ind1=" " ind2=" ">
    <subfield code="0">0</subfield>
    <subfield code="1">0</subfield>
    <subfield code="2">ddc</subfield>
    <subfield code="5">6</subfield>
    <subfield code="7">0</subfield>
    <subfield code="8">DS</subfield>
    <subfield code="a">BNPHU</subfield>
    <subfield code="b">DO</subfield>
    <subfield code="c">HD</subfield>
    <subfield code="d">2020-02-13</subfield>
    <subfield code="l">0</subfield>
    <subfield code="o">BNPHU DS RD863.44 M516e</subfield>
    <subfield code="p">16670-30</subfield>
    <subfield code="r">2020-06-25</subfield>
    <subfield code="t">e.3</subfield>
    <subfield code="w">2020-06-25</subfield>
    <subfield code="y">LFDS</subfield>
  </datafield>
  <datafield tag="952" ind1=" " ind2=" ">
    <subfield code="0">0</subfield>
    <subfield code="1">0</subfield>
    <subfield code="2">ddc</subfield>
    <subfield code="5">1</subfield>
    <subfield code="7">0</subfield>
    <subfield code="8">PD</subfield>
    <subfield code="a">BNPHU</subfield>
    <subfield code="b">PD</subfield>
    <subfield code="c">HD</subfield>
    <subfield code="d">2010-03-09</subfield>
    <subfield code="l">0</subfield>
    <subfield code="o">BNPHU PD RD863.44 M516e</subfield>
    <subfield code="p">16670-10</subfield>
    <subfield code="r">2020-06-25</subfield>
    <subfield code="w">2020-06-25</subfield>
    <subfield code="y">LFPD</subfield>
  </datafield>
  <datafield tag="952" ind1=" " ind2=" ">
    <subfield code="0">0</subfield>
    <subfield code="1">0</subfield>
    <subfield code="2">ddc</subfield>
    <subfield code="5">1</subfield>
    <subfield code="7">0</subfield>
    <subfield code="8">PD</subfield>
    <subfield code="a">BNPHU</subfield>
    <subfield code="b">PD</subfield>
    <subfield code="c">HD</subfield>
    <subfield code="d">2014-02-05</subfield>
    <subfield code="l">0</subfield>
    <subfield code="o">BNPHU PD RD863.44 M516e</subfield>
    <subfield code="p">16670-20</subfield>
    <subfield code="r">2020-06-25</subfield>
    <subfield code="t">e.2</subfield>
    <subfield code="w">2020-06-25</subfield>
    <subfield code="y">LFPD</subfield>
  </datafield>
  <datafield tag="952" ind1=" " ind2=" ">
    <subfield code="0">0</subfield>
    <subfield code="1">0</subfield>
    <subfield code="2">ddc</subfield>
    <subfield code="5">6</subfield>
    <subfield code="7">0</subfield>
    <subfield code="8">DS</subfield>
    <subfield code="a">BNPHU</subfield>
    <subfield code="b">GR</subfield>
    <subfield code="c">HD</subfield>
    <subfield code="d">2020-01-07</subfield>
    <subfield code="e">Donado por Luis Tom&#xE1;s Oviedo</subfield>
    <subfield code="l">0</subfield>
    <subfield code="o">BNPHU DS RD863.44 M516e</subfield>
    <subfield code="p">2021-2358</subfield>
    <subfield code="r">2021-07-02</subfield>
    <subfield code="t">e.4</subfield>
    <subfield code="w">2021-07-02</subfield>
    <subfield code="y">LFDS</subfield>
  </datafield>
  <datafield tag="999" ind1=" " ind2=" ">
    <subfield code="c">16203</subfield>
    <subfield code="d">16203</subfield>
  </datafield>
</record>
